[Event "Moia op 4th"]
[Site "Moia"]
[Date "2015.09.25"]
[Round "2"]
[White "Poyato Plaza, Daniel"]
[Black "Basora Pascual, Pau"]
[Result "1-0"]
[WhiteElo "2014"]
[BlackElo "1861"]
[PlyCount "105"]
[EventDate "2015.09.18"]
[EventType "swiss"]
[EventRounds "8"]
[EventCountry "ESP"]
[SourceTitle "EXT 2017"]
[Source "ChessBase"]
[SourceDate "2016.10.25"]
[SourceVersion "1"]
[SourceVersionDate "2016.10.25"]
[SourceQuality "1"]

1. d4 d5 2. c4 c6 3. Nc3 Nf6 4. Bg5 Nbd7 5. e3 e6 6. cxd5 exd5 7. Bd3 Bd6 8. Nge2 Qc7 9. Bf4 Nh5 10. Bxd6 Qxd6 11. Qc2 Ndf6 12. h3 g6 13. g4 Ng7 14. Ng3 Be6 15. 0-0-0 a6 16. Na4 Nd7 17. Kb1 0-0 18. f4 f5 19. g5 b5 20. Nc5 Nxc5 21. dxc5 Qc7 22. h4 Qf7 23. Be2 d4 24. Rxd4 Bxa2+ 25. Ka1 Bd5 26. Rh2 Rfe8 27. e4 fxe4 28. Nxe4 Bxe4 29. Rxe4 Rxe4 30. Qxe4 Qd5 31. Qxd5+ cxd5 32. Bf3 Rd8 33. b4 Nf5 34. h5 Nd4 35. Bd1 Nc6 36. hxg6 hxg6 37. Bc2 Rf8 38. Bxg6 Rxf4 39. Bh7+ Kg7 40. g6 Ne5 41. Rh5 Nxg6 42. Bxg6 Kxg6 43. Rxd5 Rf6 44. Kb2 Rc6 45. Kc3 Kf6 46. Kd4 Ke6 47. Rh5 Kd7 48. Kd5 Rg6 49. Rh7+ Kc8 50. c6 Rf6 51. Kc5 Kb8 52. Kb6 Rf8 53. Kxa6 1-0

[Event "Moia op 3rd"]
[Site "Moia"]
[Date "2014.11.14"]
[Round "8"]
[White "Poyato Plaza, Daniel"]
[Black "Castrillon Otero, Javier"]
[Result "1-0"]
[WhiteElo "2048"]
[BlackElo "2140"]
[PlyCount "131"]
[EventDate "2014.09.19"]
[EventType "swiss"]
[EventRounds "8"]
[EventCountry "ESP"]
[SourceTitle "EXT 2016"]
[Source "ChessBase"]
[SourceDate "2015.10.08"]
[SourceVersion "1"]
[SourceVersionDate "2015.10.08"]
[SourceQuality "1"]

1. d4 d5 2. c4 c6 3. Nc3 e6 4. e3 Bd6 5. Bd3 f5 6. Nf3 Nd7 7. Qc2 Ngf6 8. cxd5 cxd5 9. Ng5 Nf8 10. Nb5 Bb8 11. Bd2 Bd7 12. Bb4 Ne4 13. Nxe4 fxe4 14. Be2 Bc6 15. 0-0 a6 16. Nc3 Ng6 17. Na4 Qc7 18. g3 Bxa4 19. Qxa4+ Qd7 20. Qb3 Ne7 21. f3 exf3 22. Rxf3 Nf5 23. Raf1 h5 24. Bd3 g6 25. Qc3 Bd6 26. e4 Bxb4 27. Qxb4 dxe4 28. Bxe4 Qxd4+ 29. Qxd4 Nxd4 30. Bxg6+ Ke7 31. Rf7+ Kd6 32. Rd1 e5 33. Rf6+ Ke7 34. Rf7+ Ke6 35. Rxb7 h4 36. Rb6+ Kd5 37. Kg2 hxg3 38. hxg3 Rhb8 39. Rxb8 Rxb8 40. b3 Rb6 41. Bf7+ Kd6 42. g4 Rc6 43. Rd2 Ke7 44. Bc4 Kf6 45. Kg3 Kg6 46. Rh2 a5 47. Rh5 Rc5 48. Rh8 a4 49. Rg8+ Kh7 50. Re8 axb3 51. axb3 Kg6 52. Rg8+ Kf6 53. Kh4 Nf3+ 54. Kh5 e4+ 55. Kh6 Ke7 56. g5 e3 57. g6 Nh4 58. Ra8 Rc6 59. Ra7+ Kf8 60. Ra8+ Ke7 61. Ra6 Rc8 62. g7 Nf5+ 63. Kg6 Nh4+ 64. Kh7 Rc5 65. g8Q Rh5+ 66. Rh6 1-0

[Event "Manresa op 31st"]
[Site "Manresa"]
[Date "2014.11.08"]
[Round "7"]
[White "Basas Gamazo, Josep"]
[Black "Poyato Plaza, Daniel"]
[Result "1-0"]
[WhiteElo "2084"]
[BlackElo "2048"]
[PlyCount "44"]
[EventDate "2014.09.20"]
[EventType "swiss"]
[EventRounds "8"]
[EventCountry "ESP"]
[SourceTitle "EXT 2016"]
[Source "ChessBase"]
[SourceDate "2015.10.08"]
[SourceVersion "1"]
[SourceVersionDate "2015.10.08"]
[SourceQuality "1"]

1. e4 g6 2. d4 Bg7 3. Nc3 d6 4. Bg5 Nf6 5. Qd2 0-0 6. 0-0-0 a6 7. f4 b5 8. e5 dxe5 9. fxe5 b4 10. exf6 bxc3 11. Qxc3 exf6 12. Bf4 Qd5 13. Nf3 Be6 14. b3 a5 15. Be3 a4 16. Bc4 Qd6 17. d5 Bd7 18. h4 Na6 19. Bxa6 Rxa6 20. Qc5 axb3 21. axb3 Qxc5 22. Bxc5 Ra2 1-0

[Event "Moia op 3rd"]
[Site "Moia"]
[Date "2014.11.07"]
[Round "7"]
[White "Marin, Claudiu Cristian"]
[Black "Poyato Plaza, Daniel"]
[Result "0-1"]
[WhiteElo "1744"]
[BlackElo "2048"]
[PlyCount "42"]
[EventDate "2014.09.19"]
[EventType "swiss"]
[EventRounds "8"]
[EventCountry "ESP"]
[SourceTitle "EXT 2016"]
[Source "ChessBase"]
[SourceDate "2015.10.08"]
[SourceVersion "1"]
[SourceVersionDate "2015.10.08"]
[SourceQuality "1"]

1. e4 g6 2. d4 Bg7 3. c4 d6 4. Nc3 Nf6 5. f3 0-0 6. Nge2 c5 7. d5 Nbd7 8. Bf4 Nh5 9. g4 Nxf4 10. Nxf4 e6 11. h4 Ne5 12. Be2 a6 13. a4 b6 14. Qd2 Rb8 15. Ng2 f5 16. 0-0-0 fxe4 17. fxe4 Rf2 18. Rdg1 Nf3 19. Qf4 Bd4 20. Qh6 Nxg1 21. Rxg1 Bxc3 0-1

[Event "Manresa op 31st"]
[Site "Manresa"]
[Date "2014.10.25"]
[Round "6"]
[White "Garriga Biosca, Francesco"]
[Black "Poyato Plaza, Daniel"]
[Result "1/2-1/2"]
[WhiteElo "2104"]
[BlackElo "2048"]
[PlyCount "58"]
[EventDate "2014.09.20"]
[EventType "swiss"]
[EventRounds "8"]
[EventCountry "ESP"]
[SourceTitle "EXT 2016"]
[Source "ChessBase"]
[SourceDate "2015.10.08"]
[SourceVersion "1"]
[SourceVersionDate "2015.10.08"]
[SourceQuality "1"]

1. d4 Nf6 2. Nc3 g6 3. e4 d6 4. f3 Bg7 5. Be3 0-0 6. Qd2 Nbd7 7. Bh6 c5 8. d5 a6 9. h4 Ne5 10. 0-0-0 b5 11. g4 Qa5 12. h5 b4 13. Nb1 Qxa2 14. hxg6 fxg6 15. Bxg7 Kxg7 16. Qh6+ Kg8 17. Be2 c4 18. Nh3 Qa1 19. Qe3 Rb8 20. c3 bxc3 21. Qxc3 Rb3 22. Qc2 Bd7 23. Bxc4 Nxc4 24. Qxb3 Rc8 25. Qb4 a5 26. Qb7 a4 27. Rd3 Na5+ 28. Qxc8+ Bxc8 29. Ra3 Nb3+ 1/2-1/2

[Event "Moia op 3rd"]
[Site "Moia"]
[Date "2014.10.24"]
[Round "6"]
[White "Poyato Plaza, Daniel"]
[Black "Ambros Pladellorens, Jordi"]
[Result "1-0"]
[WhiteElo "2048"]
[BlackElo "1975"]
[PlyCount "69"]
[EventDate "2014.09.19"]
[EventType "swiss"]
[EventRounds "8"]
[EventCountry "ESP"]
[SourceTitle "EXT 2016"]
[Source "ChessBase"]
[SourceDate "2015.10.08"]
[SourceVersion "1"]
[SourceVersionDate "2015.10.08"]
[SourceQuality "1"]

1. d4 d5 2. c4 c6 3. Nc3 Nf6 4. Bg5 Nbd7 5. e3 Qa5 6. Bh4 Ne4 7. Qc2 Ndf6 8. Bd3 e6 9. Nge2 Bd6 10. 0-0 Nxc3 11. Nxc3 dxc4 12. Be2 b5 13. Bxf6 gxf6 14. a4 Qb6 15. b3 cxb3 16. Qxb3 b4 17. Ne4 Be7 18. a5 Qc7 19. Rfc1 Bd7 20. Nc5 Bxc5 21. Rxc5 Qb7 22. Rac1 Rg8 23. Bf3 Rg5 24. Rxc6 Kf8 25. a6 Qb5 26. R1c5 Rxc5 27. Rxc5 Rc8 28. Rxb5 Rc1+ 29. Bd1 Bxb5 30. f3 Be2 31. Qxb4+ Kg7 32. Kf2 Bxd1 33. Qb7 Rc2+ 34. Ke1 Be2 35. Qb3 1-0

[Event "Moia op 3rd"]
[Site "Moia"]
[Date "2014.10.03"]
[Round "3"]
[White "Molina Carretero, Daniel"]
[Black "Poyato Plaza, Daniel"]
[Result "1-0"]
[WhiteElo "2152"]
[BlackElo "2048"]
[PlyCount "81"]
[EventDate "2014.09.19"]
[EventType "swiss"]
[EventRounds "8"]
[EventCountry "ESP"]
[SourceTitle "EXT 2016"]
[Source "ChessBase"]
[SourceDate "2015.10.08"]
[SourceVersion "1"]
[SourceVersionDate "2015.10.08"]
[SourceQuality "1"]

1. e4 g6 2. d4 Bg7 3. Nc3 d6 4. Be3 Nf6 5. f3 0-0 6. Qd2 e5 7. Nge2 a5 8. 0-0-0 Nc6 9. h4 Bd7 10. h5 Nxh5 11. g4 exd4 12. Nxd4 Nxd4 13. Bxd4 Bxd4 14. Qxd4 Qg5+ 15. Kb1 Nf4 16. Bc4 Bc6 17. Rxh7 Kxh7 18. Rh1+ Nh5 19. gxh5 gxh5 20. f4 Qh6 21. Qd1 h4 22. Qe1 Kg7 23. Rxh4 Qg6 24. Qd1 Kf6 25. Nd5+ Bxd5 26. Bxd5 Ke7 27. Rg4 Qf6 28. e5 dxe5 29. fxe5 Qh6 30. Bxb7 Rab8 31. Bf3 Rfd8 32. Qg1 Qb6 33. Qc1 Rg8 34. b3 Rxg4 35. Bxg4 Rg8 36. Qd1 Qe3 37. Qd7+ Kf8 38. Qd8+ Kg7 39. Qf6+ Kf8 40. e6 Qe1+ 41. Kb2 1-0

[Event "San Marti op U20 12th"]
[Site "San Marti"]
[Date "2010.07.18"]
[Round "6"]
[White "Serra Vilaro, Agustin"]
[Black "Poyato Plaza, Daniel"]
[Result "0-1"]
[WhiteElo "1877"]
[BlackElo "1893"]
[PlyCount "74"]
[EventDate "2010.07.13"]
[EventType "swiss"]
[EventRounds "9"]
[EventCountry "ESP"]
[SourceTitle "EXT 2012"]
[Source "ChessBase"]
[SourceDate "2011.11.24"]
[SourceVersion "1"]
[SourceVersionDate "2011.11.24"]
[SourceQuality "1"]

1. d4 f5 2. e4 fxe4 3. Nc3 Nf6 4. Bg5 e6 5. Bxf6 Qxf6 6. Nxe4 Qg6 7. Ng3 Be7 8. Bd3 Qf6 9. Nf3 d6 10. Qd2 Nc6 11. c3 Bd7 12. 0-0-0 0-0-0 13. Rhe1 h6 14. h4 Rhf8 15. Kb1 e5 16. d5 Nb8 17. Re4 g5 18. hxg5 hxg5 19. Rb4 g4 20. Ne4 Qf7 21. Ne1 Qxd5 22. Ba6 Bc6 23. Qxd5 Bxd5 24. Rxd5 Nxa6 25. Ra4 c6 26. Rd2 d5 27. Ng3 e4 28. b4 Bh4 29. Nh1 Nc7 30. Nc2 Nb5 31. Kb2 Bf6 32. Nd4 Bxd4 33. cxd4 Rh8 34. Ng3 Rh2 35. Ra5 Nd6 36. Nf1 Nc4+ 37. Kc3 Rxg2 0-1